| 000 | 00453nam a2200169Ia 4500 | ||
|---|---|---|---|
| 005 | 20250430061300.0 | ||
| 008 | 240331s9999 xx 000 0 und d | ||
| 020 | _a9555730393 | ||
| 082 |
_bSAR _a891 |
||
| 100 | _aSarathchandra,E | ||
| 245 | 0 | _aSinhala nawakatha ithihasaya haa vicharaya | |
| 260 |
_aNugegoda _bSarasavi Bookshop Pvt Ltd _c1997 |
||
| 300 | _a152 p ., | ||
| 650 | _aModern Sinhala Fiction | ||
| 650 | _aHistory and Review | ||
| 942 | _cL | ||
| 999 |
_c4934 _d4934 |
||